[Event "Arco op"]
[Site "Arco"]
[Date "2011.12.29"]
[Round "6"]
[White "Horn, Peter"]
[Black "Scriboni, Simone"]
[Result "1-0"]
[WhiteElo "2159"]
[BlackElo "1961"]
[PlyCount "51"]
[EventDate "2011.12.26"]
[EventType "swiss"]
[EventRounds "7"]
[EventCountry "ITA"]
[SourceTitle "EXT 2023"]
[Source "ChessBase"]
[SourceDate "2022.10.05"]
[SourceVersion "1"]
[SourceVersionDate "2022.10.05"]
[SourceQuality "1"]

1. Nf3 d5 2. g3 c6 3. Bg2 Nf6 4. 0-0 Bg4 5. c4 Bxf3 6. Bxf3 e6 7. d3 Nbd7 8. b3 Be7 9. Bb2 0-0 10. Nd2 a5 11. a3 Re8 12. Qc2 Rc8 13. Bg2 Bf8 14. e4 dxe4 15. dxe4 e5 16. Nf3 Qc7 17. Bc3 Rcd8 18. b4 axb4 19. axb4 Ng4 20. Rfd1 f6 21. c5 b6 22. Bh3 h5 23. Qb3+ Kh8 24. Qf7 bxc5 25. Qxh5+ Nh6 26. Bxd7 1-0